[Event "Germany"]
[Site "?"]
[Date "2001.02.18"]
[Round "7.1"]
[White "Becker Michael"]
[Black "Womacka Mathias"]
[Result "1/2-1/2"]
[WhiteElo "2305"]
[BlackElo "2486"]
[PlyCount "45"]
[EventDate "2001.??.??"]
[Source "www.chesslib.no"]
[SourceDate "2004.05.04"]

1. e4 c5 2. Nf3 d6 3. d4 cxd4 4. Nxd4 Nf6 5. f3 e5 6. Bb5+ Nbd7 7. Nf5 d5 8. exd5 a6 9. Ba4 b5 10. Bb3 Nb6 11. Ne3 Bc5 12. Qd3 O-O 13. Nc3 Nh5 14. Ne4 Nf4 15. Qf1 Bb4+ 16. c3 Be7 17. Bd2 Nfxd5 18. Nxd5 Nxd5 19. O-O-O Nb6 20. Be3 Qc7 21. Qf2 Nc4 22. Bc5 Bf5 23. Bxe7 1/2-1/2

[Event "San Sebastian Open"]
[Site "San Sebastian ESP"]
[Date "1991.??.??"]
[Round "7"]
[White "Paglilla, Carlos"]
[Black "Gomez Esteban, Juan M"]
[Result "1-0"]
[WhiteElo "2385"]
[BlackElo "2400"]
[PlyCount "125"]
[EventDate "1991.03.??"]
[Source "www.chesslib.no"]
[SourceDate "2004.05.04"]

1. e4 c5 2. Nf3 d6 3. d4 cxd4 4. Nxd4 Nf6 5. f3 e5 6. Bb5+ Nbd7 7. Nf5 d5 8. exd5 a6 9. Ba4 b5 10. Bb3 Nb6 11. Ng3 Nfxd5 12. O-O Bc5+ 13. Kh1 O-O 14. Qe2 Qc7 15. Ne4 Be7 16. Nbc3 Bb7 17. Bd2 Rad8 18. a4 b4 19. a5 bxc3 20. axb6 Qxb6 21. Nxc3 Nb4 22. Rfd1 Qc7 23. Be1 Rxd1 24. Rxd1 Rd8 25. Rxd8+ Bxd8 26. Ne4 Nd5 27. Bg3 Be7 28. h3 Kf8 29. Bxd5 Bxd5 30. Nc3 Bc4 31. Qxe5 Qxe5 32. Bxe5 f6 33. Bd4 Kf7 34. b3 Be6 35. Kg1 Bf5 36. Ne4 Ke6 37. Kf2 Kd5 38. Ke3 Be6 39. Kd3 Kc6 40. c4 h5 41. Kc3 f5 42. Ng3 g6 43. f4 Bh4 44. Ne2 Bc8 45. Ng1 Bg3 46. Ne2 h4 47. Be3 Bb7 48. Nd4+ Kd6 49. Nf3 Be4 50. b4 Bc6 51. Kd4 Be8 52. Kc3 Bc6 53. Kd3 Be4+ 54. Ke2 Bc6 55. Bc5+ Kc7 56. Ke3 Kd8 57. Bf8 Kc7 58. Be7 Be4 59. Bf6 Kb7 60. Bg5 Kb6 61. Bxh4 Bxf3 62. Bd8+ Kc6 63. Kxf3 1-0

[Event "Vinkovci CRO"]
[Site "?"]
[Date "2006.05.26"]
[Round "5.1"]
[White "Leventic Ivan"]
[Black "Avdil Halil"]
[Result "1-0"]
[WhiteElo "2488"]
[BlackElo "2294"]
[PlyCount "81"]
[EventDate "2006.??.??"]
[Source "www.chesslib.no"]
[SourceDate "2004.05.04"]

1. e4 c5 2. Nf3 d6 3. d4 cxd4 4. Nxd4 Nf6 5. f3 e5 6. Bb5+ Bd7 7. Bxd7+ Qxd7 8. Nf5 d5 9. Bg5 dxe4 10. Bxf6 Qxd1+ 11. Kxd1 gxf6 12. fxe4 Nc6 13. c3 Rg8 14. g3 O-O-O+ 15. Kc2 Ne7 16. Nxe7+ Bxe7 17. Nd2 Rg4 18. Rae1 Bf8 19. Nf3 Bh6 20. Re2 Kd7 21. Rd1+ Ke7 22. Rxd8 Kxd8 23. Nh4 Bf8 24. Nf5 h5 25. h3 Rg8 26. Rd2+ Kc7 27. b4 a5 28. a3 Rh8 29. Kb3 axb4 30. axb4 Rg8 31. Rd3 Rg5 32. c4 Rg6 33. c5 Rg8 34. Kc4 Rh8 35. b5 Rg8 36. b6+ Kc8 37. Kb5 Rh8 38. Rd1 Rg8 39. c6 bxc6+ 40. Kxc6 Bb4 41. Ra1 1-0

[Event "FRA-ch"]
[Site "Narbonne"]
[Date "1997.08.24"]
[Round "9"]
[White "Santo Roman, Marc"]
[Black "Fontaine, Robert"]
[Result "1/2-1/2"]
[WhiteElo "2385"]
[BlackElo "2395"]
[PlyCount "86"]
[EventDate "1997.08.15"]
[Source "ChessBase"]
[SourceDate "1997.11.23"]

1. e4 c5 2. Nf3 d6 3. d4 cxd4 4. Nxd4 Nf6 5. f3 e5 6. Bb5+ Bd7 7. Bxd7+ Qxd7 8. Nb3 d5 9. exd5 Qxd5 10. Qe2 Nc6 11. O-O Be7 12. Nc3 Qe6 13. Bg5 O-O 14. Qb5 a6 15. Qb6 Bd8 16. Qf2 Ng4 17. Qd2 Bb6+ 18. Kh1 Rad8 19. Qe2 Nf6 20. Rae1 Rfe8 21. f4 Nd4 22. Nxd4 exd4 23. Qxe6 Rxe6 24. Rxe6 fxe6 25. Bxf6 gxf6 26. Ne4 f5 27. Nf2 Rc8 28. Rc1 Ba5 29. Nd3 Bd2 30. Rf1 Be3 31. Ne1 b5 32. a3 a5 33. g3 b4 34. axb4 axb4 35. b3 Kf7 36. Kg2 h5 37. h4 Rc3 38. Kf3 Kf6 39. Ke2 Rc8 40. Rh1 Rg8 41. Kf3 Bd2 42. Nd3 Rc8 43. Rh2 Bc3 1/2-1/2

[Event "Najdorf op"]
[Site "Buenos Aires"]
[Date "1997.??.??"]
[Round "6"]
[White "Ginzburg, Maximiliano"]
[Black "Quiroga, Facundo"]
[Result "1-0"]
[WhiteElo "2450"]
[BlackElo "2330"]
[PlyCount "62"]
[EventDate "1997.05.19"]
[Source "ChessBase"]
[SourceDate "1997.07.29"]

1. e4 c5 2. Nf3 d6 3. d4 cxd4 4. Nxd4 Nf6 5. f3 e5 6. Bb5+ Nbd7 7. Nf5 d5 8. exd5 a6 9. Bxd7+ Qxd7 10. Ne3 b5 11. O-O Bb7 12. c4 Rc8 13. Nc3 Bc5 14. cxb5 axb5 15. Qd3 O-O 16. Rd1 b4 17. Ne4 Nxd5 18. Nxc5 Rxc5 19. Bd2 Qe6 20. Qb3 e4 21. f4 Qb6 22. Kh1 Nxf4 23. Qxb4 Rb5 24. Qe7 Nd3 25. Rf1 Qg6 26. b4 Ba8 27. a4 Rb7 28. Qh4 Nxb4 29. Nf5 Nd5 30. Ra3 e3 31. Bxe3 Rb2 1-0

[Event "World op"]
[Site "Philadelphia"]
[Date "1996.??.??"]
[Round "?"]
[White "Reichstein, Boris"]
[Black "Fishbein, Alexander"]
[Result "0-1"]
[WhiteElo "2265"]
[BlackElo "2515"]
[PlyCount "56"]
[EventDate "1996.??.??"]
[Source "www.chesslib.no"]
[SourceDate "2004.05.04"]

1. e4 c5 2. Nf3 d6 3. d4 cxd4 4. Nxd4 Nf6 5. f3 e5 6. Bb5+ Bd7 7. Bxd7+ Nbxd7 8. Nb3 Be7 9. O-O O-O 10. Be3 Nb6 11. N1d2 Rc8 12. a4 d5 13. a5 d4 14. Bxd4 exd4 15. axb6 Qxb6 16. Kh1 Rfd8 17. f4 a6 18. Rc1 a5 19. g4 a4 20. Na1 Bb4 21. g5 Bxd2 22. Qxd2 Nxe4 23. Qg2 Re8 24. b3 a3 25. Rce1 Qc6 26. b4 Nd2 27. Qxc6 bxc6 28. Rxe8+ Rxe8 0-1

[Event "Camp. Commonwealth 2008"]
[Site "Nagpur IND"]
[Date "2008.10.01"]
[Round "5"]
[White "Sangma, R."]
[Black "Ashwin, J."]
[Result "0-1"]
[WhiteElo "2339"]
[BlackElo "2436"]
[PlyCount "84"]
[EventDate "2008.09.28"]
[Source "www.chesslib.no"]
[SourceDate "2004.05.04"]

1. e4 c5 2. Nf3 d6 3. d4 cxd4 4. Nxd4 Nf6 5. f3 e5 6. Bb5+ Nbd7 7. Nf5 d5 8. exd5 a6 9. Ba4 b5 10. Bb3 Nb6 11. Ne3 Bc5 12. Nc3 Bb7 13. Qd3 O-O 14. Ne4 Nxe4 15. fxe4 a5 16. a3 Ba6 17. Nf5 g6 18. Qg3 a4 19. Ba2 Nc4 20. Bxc4 bxc4 21. c3 Qb8 22. Qh4 f6 23. Nh6+ Kh8 24. Rf1 Qd6 25. g4 Bc8 26. Qg3 f5 27. Be3 Bxe3 28. Qxe3 f4 29. Qe2 Qe7 30. O-O-O Qg5 31. Nf5 gxf5 32. gxf5 Rb8 33. Rg1 Qh6 34. Qf2 Bd7 35. Rd2 Qb6 36. Qxb6 Rxb6 37. Rdg2 Rbb8 38. Rg7 Rg8 39. f6 Rxg7 40. Rxg7 Bh3 41. Re7 f3 42. f7 Rf8 0-1

[Event "EST Team Ch"]
[Site "Estonia"]
[Date "1996.??.??"]
[Round "?"]
[White "Liiva, Riho"]
[Black "Sergejev, Roman"]
[Result "1/2-1/2"]
[WhiteElo "2425"]
[BlackElo "2350"]
[PlyCount "44"]
[EventDate "1996.??.??"]
[Source "www.chesslib.no"]
[SourceDate "2004.05.04"]

1. e4 c5 2. Nf3 d6 3. d4 cxd4 4. Nxd4 Nf6 5. f3 e5 6. Bb5+ Nbd7 7. Nf5 d5 8. exd5 a6 9. Ba4 b5 10. Bb3 Nb6 11. Ne3 Bb7 12. Nc3 b4 13. Na4 Nbxd5 14. O-O Be7 15. Re1 Nxe3 16. Bxe3 Nd7 17. Qd2 Qc7 18. Rad1 Rd8 19. Qf2 O-O 20. Rd2 Bc6 21. Nc5 Bb5 22. Nxd7 Rxd7 1/2-1/2

[Event "POL Team Ch"]
[Site "Porabka"]
[Date "1986.??.??"]
[Round "?"]
[White "Filipowicz, Andrzej"]
[Black "Pokojowczyk, Jerzy"]
[Result "1-0"]
[WhiteElo "2370"]
[BlackElo "2405"]
[PlyCount "76"]
[EventDate "1986.??.??"]
[Source "www.chesslib.no"]
[SourceDate "2004.05.04"]

1. e4 c5 2. Nf3 d6 3. d4 cxd4 4. Nxd4 Nf6 5. f3 e5 6. Bb5+ Bd7 7. Bxd7+ Qxd7 8. Nf5 d5 9. Bg5 dxe4 10. Bxf6 Qxd1+ 11. Kxd1 gxf6 12. fxe4 Nc6 13. Nc3 O-O-O+ 14. Nd5 Rg8 15. g3 Rg4 16. Re1 Nb4 17. h3 Rg5 18. c4 Nd3 19. Re2 Nc5 20. g4 h5 21. Kc2 Ne6 22. Rg2 Bc5 23. Rf1 Rh8 24. b4 Bf8 25. Kc3 b6 26. h4 Rxg4 27. Rxg4 hxg4 28. Rg1 Ng7 29. Rxg4 Nxf5 30. exf5 Kb7 31. Nxf6 Be7 32. Rg7 Bxf6 33. Rxf7+ Kb8 34. Rxf6 Rxh4 35. Re6 Rh3+ 36. Kc2 Rh2+ 37. Kd3 Rh3+ 38. Ke4 Rh4+ 1-0

[Event "Tashkent"]
[Site "Tashkent UZB"]
[Date "1985.??.??"]
[Round "?"]
[White "Galakhov, S."]
[Black "Yermolinsky, Alex"]
[Result "0-1"]
[WhiteElo "2310"]
[BlackElo "2465"]
[PlyCount "70"]
[EventDate "1985.??.??"]
[Source "www.chesslib.no"]
[SourceDate "2004.05.04"]

1. e4 c5 2. Nf3 d6 3. d4 cxd4 4. Nxd4 Nf6 5. f3 e5 6. Bb5+ Nbd7 7. Nf5 d5 8. exd5 a6 9. Ba4 b5 10. Bb3 Nb6 11. Ne3 Bc5 12. Nc3 Bb7 13. Qd3 O-O 14. Ne4 Rc8 15. Nxc5 Rxc5 16. Bd2 Nbxd5 17. O-O-O Qc7 18. Nxd5 Nxd5 19. Be1 a5 20. Bf2 Nb4 21. Qd2 Rc6 22. a3 Nxc2 23. Kb1 Rc8 24. Rc1 Rd8 25. Qe2 Nd4 26. Bxd4 exd4 27. Qxb5 d3 28. Rxc6 Bxc6 29. Qg5 a4 30. Bd1 h6 31. Qd2 Qd7 32. Re1 Bd5 33. Re3 Be6 34. Qa5 d2 35. Ka1 Bb3 0-1

[Event "Dubai op"]
[Site "Dubai"]
[Date "2001.04.16"]
[Round "2"]
[White "Kotsur, Pavel"]
[Black "Molina Morena, Antonio"]
[Result "1-0"]
[WhiteElo "2576"]
[BlackElo "2198"]
[PlyCount "79"]
[EventDate "2001.04.15"]
[Source "ChessBase"]
[SourceDate "2001.07.05"]

1. e4 c5 2. Nf3 d6 3. d4 cxd4 4. Nxd4 Nf6 5. f3 e5 6. Bb5+ Bd7 7. Bxd7+ Qxd7 8. Nf5 d5 9. Bg5 d4 10. Bxf6 gxf6 11. c3 Nc6 12. O-O O-O-O 13. Kh1 Kb8 14. cxd4 Nxd4 15. Nc3 Nxf5 16. Qxd7 Rxd7 17. exf5 Be7 18. Ne4 Rc8 19. Rf2 Rdc7 20. g4 Rc2 21. Raf1 R8c6 22. Kg2 a6 23. Kh3 Bd8 24. Nc3 Rxf2 25. Rxf2 Ba5 26. Ne4 Kc7 27. Re2 Kd7 28. Kh4 Bb4 29. Kh5 Bf8 30. Rd2+ Ke8 31. h4 h6 32. g5 hxg5 33. hxg5 fxg5 34. f6 Rc1 35. Kxg5 Rf1 36. Kg4 Rb1 37. Kf5 Bh6 38. Nd6+ Kd7 39. Rd3 Kc7 40. Nxf7 1-0

[Event "CUB-ch"]
[Site "Las Tunas"]
[Date "2001.04.16"]
[Round "15"]
[White "Vazquez, Renier"]
[Black "Garcia Martinez, Silvino"]
[Result "1/2-1/2"]
[WhiteElo "2393"]
[BlackElo "2378"]
[PlyCount "93"]
[EventDate "2001.04.01"]
[Source "ChessBase"]
[SourceDate "2001.07.05"]

1. e4 c5 2. Nf3 d6 3. d4 cxd4 4. Nxd4 Nf6 5. f3 e5 6. Bb5+ Nbd7 7. Nf5 d5 8. exd5 a6 9. Bxd7+ Bxd7 10. Ne3 Bc5 11. Nc3 b5 12. O-O Bf5 13. Kh1 Bg6 14. Re1 O-O 15. Nf1 Bd4 16. Bg5 Rc8 17. f4 Bxc3 18. bxc3 Qxd5 19. Bxf6 Qxd1 20. Raxd1 gxf6 21. Rd6 exf4 22. Rxa6 Rxc3 23. a4 bxa4 24. Rxa4 f3 25. gxf3 Rxf3 26. Rc4 Rf2 27. Kg1 Rxc2 28. Rxc2 Bxc2 29. Ne3 Bg6 30. Nd5 Kg7 31. Rf1 Rd8 32. Nf4 Rd6 33. Kf2 Rd4 34. Ke3 Rd6 35. Kf2 Rd4 36. Kg3 Rd6 37. Kf2 Ra6 38. Kg3 Ra5 39. Kf2 Be4 40. Rg1+ Kh6 41. Ke3 f5 42. Kd4 Ra2 43. Ke5 Rxh2 44. Kf6 Rh4 45. Rg3 Rh2 46. Re3 Rh4 47. Rg3 1/2-1/2

[Event "Moscow RUS"]
[Site "?"]
[Date "1996.??.??"]
[Round "?"]
[White "Maiorov Oleg"]
[Black "Guliev Logman"]
[Result "1/2-1/2"]
[WhiteElo "2420"]
[BlackElo "2350"]
[PlyCount "159"]
[EventDate "1996.??.??"]
[Source "www.chesslib.no"]
[SourceDate "2004.05.04"]

1. e4 c5 2. Nf3 d6 3. d4 cxd4 4. Nxd4 Nf6 5. f3 e5 6. Bb5+ Nbd7 7. Nf5 d5 8. exd5 a6 9. Ba4 b5 10. Bb3 Nb6 11. Ne3 Bb7 12. Nc3 b4 13. Na4 Nbxd5 14. O-O Be7 15. Re1 Nxe3 16. Bxe3 Nd7 17. Qd2 Bc6 18. Qf2 O-O 19. Nb6 Nxb6 20. Bxb6 Qb8 21. Rad1 a5 22. Bc5 Re8 23. Bxe7 Rxe7 24. Qc5 Qe8 25. Rd6 Bb7 26. Bd5 Bxd5 27. Qxd5 g6 28. Rc6 Kg7 29. Rc5 Rd8 30. Qe4 Rd4 31. Qe3 f6 32. Rxa5 Qd8 33. Ra4 Rc7 34. Re2 Qd7 35. Ra5 Rdc4 36. Rd2 Qc6 37. Ra7 Rxc2 38. Rxc2 Qxc2 39. Rxc7+ Qxc7 40. a3 Qc4 41. axb4 Qxb4 42. Qc3 Qb6+ 43. Kf1 Qb5+ 44. Kf2 Qb6+ 45. Kg3 h5 46. h4 Qg1 47. b4 g5 48. hxg5 Kg6 49. Qd3+ Kxg5 50. Qe4 f5 51. f4+ exf4+ 52. Qxf4+ Kg6 53. Qd6+ Kg5 54. Qe7+ Kg6 55. Qe8+ Kg5 56. Qg8+ Kf6 57. Qh8+ Kg6 58. Qe8+ Kg5 59. Qd8+ Kg6 60. Qd6+ Kg5 61. Qd2+ Kg6 62. Kf4 Qh2+ 63. Kf3 Qe5 64. Qf4 Qd5+ 65. Kg3 Qd3+ 66. Kh2 Qe2 67. Qd6+ Kg5 68. Qg3+ Kf6 69. Qb8 Qc4 70. Qd6+ Kg5 71. Qd2+ Kg6 72. Kg1 h4 73. Qb2 Qe4 74. Qc3 Qe2 75. Kh2 Qb5 76. Qc5 Qb8+ 77. Kh1 Qg3 78. b5 h3 79. Qc6+ Kf7 80. Qd7+ 1/2-1/2

[Event "Baku Bestcomp Cup active"]
[Site "?"]
[Date "2000.??.??"]
[Round "?"]
[White "Dovliatov Sanan"]
[Black "Gadjily Raouf"]
[Result "0-1"]
[WhiteElo "2327"]
[BlackElo "2443"]
[PlyCount "58"]
[EventDate "2000.??.??"]
[Source "www.chesslib.no"]
[SourceDate "2004.05.04"]

1. e4 c5 2. Nf3 d6 3. d4 cxd4 4. Nxd4 Nf6 5. f3 e5 6. Bb5+ Nbd7 7. Nf5 d5 8. exd5 a6 9. Bxd7+ Qxd7 10. Ne3 b5 11. Nc3 Bb7 12. O-O Rc8 13. Qe2 b4 14. Ne4 Nxd5 15. Nxd5 Qxd5 16. Rd1 Qc6 17. c3 bxc3 18. Nxc3 Bc5+ 19. Be3 O-O 20. Rac1 Rfd8 21. Qf2 Bf8 22. Bb6 Rxd1+ 23. Rxd1 h6 24. Be3 Qe6 25. Qd2 Bb4 26. Qd7 Qxd7 27. Rxd7 Bc6 28. Ra7 Bxc3 29. bxc3 Bb5 0-1

[Event "Yerevan ol (Men)"]
[Site "Yerevan"]
[Date "1996.??.??"]
[Round "6"]
[White "Borgo, Giulio"]
[Black "Aronian, Levon"]
[Result "1-0"]
[WhiteElo "2375"]
[BlackElo "2390"]
[PlyCount "67"]
[EventDate "1996.09.??"]
[Source "www.chesslib.no"]
[SourceDate "2004.05.04"]

1. e4 c5 2. Nf3 d6 3. d4 cxd4 4. Nxd4 Nf6 5. f3 e5 6. Bb5+ Bd7 7. Bxd7+ Qxd7 8. Nf5 d5 9. Bg5 dxe4 10. Bxf6 Qxd1+ 11. Kxd1 gxf6 12. fxe4 Nc6 13. c3 Rg8 14. g3 Rd8+ 15. Nd2 Ne7 16. Kc2 Kd7 17. Rad1 Ke6 18. Nb3 Nc6 19. Rxd8 Nxd8 20. Rd1 Nc6 21. Rd3 Rg4 22. Nd2 Bc5 23. a3 a5 24. Kb3 Rg8 25. Kc4 Rc8 26. Kb5 Bf8 27. Kb6 Rd8 28. Rxd8 Nxd8 29. Kc7 Nc6 30. a4 Ne7 31. Nxe7 Bxe7 32. g4 h5 33. h3 hxg4 34. hxg4 1-0

[Event "New York Enhance"]
[Site "New York, NY USA"]
[Date "1993.??.??"]
[Round "4"]
[White "Friedman, Aviv"]
[Black "Berkovich, Dmitry"]
[Result "1/2-1/2"]
[WhiteElo "2300"]
[BlackElo "2465"]
[PlyCount "63"]
[EventDate "1993.??.??"]
[Source "www.chesslib.no"]
[SourceDate "2004.05.04"]

1. e4 c5 2. Nf3 d6 3. d4 cxd4 4. Nxd4 Nf6 5. f3 e5 6. Bb5+ Bd7 7. Bxd7+ Nbxd7 8. Nf5 Nb6 9. c4 Nxc4 10. Nc3 Nb6 11. Bg5 g6 12. Bxf6 Qxf6 13. Ne3 Qd8 14. Ned5 Bh6 15. O-O O-O 16. Kh1 Kg7 17. Qb3 Nxd5 18. Nxd5 Qd7 19. Rad1 Rac8 20. Rd3 f5 21. Nc3 Rc6 22. Rfd1 a6 23. Qb4 Rd8 24. a4 b6 25. Nd5 fxe4 26. Qxe4 b5 27. axb5 axb5 28. Nc3 Rc4 29. Qxe5+ dxe5 30. Rxd7+ Rxd7 31. Rxd7+ Kf8 32. g3 1/2-1/2

[Event "XXIV Open"]
[Site "Cappelle La Grande FRA"]
[Date "2008.02.20"]
[Round "6"]
[White "Diogo, V."]
[Black "Zubarev, Al1"]
[Result "0-1"]
[WhiteElo "2274"]
[BlackElo "2491"]
[PlyCount "46"]
[EventDate "2008.02.16"]
[Source "www.chesslib.no"]
[SourceDate "2004.05.04"]

1. e4 c5 2. Nf3 d6 3. d4 cxd4 4. Nxd4 Nf6 5. f3 e5 6. Bb5+ Nbd7 7. Nf5 d5 8. exd5 a6 9. Ba4 b5 10. Bb3 Nb6 11. Ne3 Bc5 12. Nc3 O-O 13. Qd3 b4 14. Ne4 Nxe4 15. fxe4 a5 16. c4 bxc3 17. Nf5 a4 18. Bc2 cxb2 19. Bxb2 Bxf5 20. exf5 a3 21. Bc3 Nxd5 22. Bd2 e4 23. Qb5 e3 0-1

[Event "34th Olympiad, Istanbul TUR"]
[Site "?"]
[Date "2000.??.??"]
[Round "13"]
[White "Labib, I."]
[Black "Bastidas Rodriguez, E."]
[Result "1-0"]
[WhiteElo "2425"]
[BlackElo "2330"]
[PlyCount "75"]
[EventDate "2000.??.??"]
[Source "www.chesslib.no"]
[SourceDate "2004.05.04"]

1. e4 c5 2. Nf3 d6 3. d4 cxd4 4. Nxd4 Nf6 5. f3 e5 6. Bb5+ Nbd7 7. Nf5 d5 8. exd5 Qa5+ 9. Nc3 Bb4 10. Nxg7+ Kf8 11. Bh6 Bxc3+ 12. bxc3 Qxc3+ 13. Ke2 Rg8 14. Nf5+ Ke8 15. Kf2 a6 16. Ba4 b5 17. Bb3 Nc5 18. Nd6+ Ke7 19. Nxc8+ Raxc8 20. Re1 Nxb3 21. cxb3 Qc2+ 22. Re2 Qg6 23. Rxe5+ Kd6 24. Bf4 Qxg2+ 25. Ke3 Kd7 26. Qd3 Qc2 27. Qxc2 Rxc2 28. Rf5 Rg6 29. Kd3 Rcg2 30. Rc1 Rxa2 31. Rc7+ Ke8 32. Bg5 Ng8 33. Rc8+ Kd7 34. Rd8+ Kc7 35. Rxf7+ Kb6 36. b4 Ra3+ 37. Kd4 Nh6 38. Rb8# 1-0

[Event "Caorle Open"]
[Site "Caorle ITA"]
[Date "1984.??.??"]
[Round "7"]
[White "Mrdja, Milan"]
[Black "Jovicic, Milos"]
[Result "1/2-1/2"]
[WhiteElo "2345"]
[BlackElo "2410"]
[PlyCount "23"]
[EventDate "1984.??.??"]
[Source "www.chesslib.no"]
[SourceDate "2004.05.04"]

1. e4 c5 2. Nf3 d6 3. d4 cxd4 4. Nxd4 Nf6 5. f3 e5 6. Bb5+ Bd7 7. Bxd7+ Qxd7 8. Nf5 d5 9. Bg5 dxe4 10. Bxf6 Qxd1+ 11. Kxd1 gxf6 12. fxe4 1/2-1/2

[Event "SM i Stockholm"]
[Site "?"]
[Date "1977.07.??"]
[Round "6"]
[White "Kaiszauri, Konstanty"]
[Black "Schussler, Harry"]
[Result "1/2-1/2"]
[WhiteElo "2385"]
[BlackElo "2360"]
[PlyCount "48"]
[EventDate "1977.??.??"]
[Source "www.chesslib.no"]
[SourceDate "2004.05.04"]

1. e4 c5 2. Nf3 d6 3. d4 cxd4 4. Nxd4 Nf6 5. f3 e5 6. Bb5+ Nbd7 7. Nf5 d5 8. exd5 a6 9. Bxd7+ Qxd7 10. Ne3 b5 11. a4 Bb7 12. axb5 axb5 13. Rxa8+ Bxa8 14. c4 bxc4 15. Nxc4 Bb4+ 16. Bd2 Bxd2+ 17. Qxd2 O-O 18. O-O e4 19. d6 exf3 20. Nc3 Re8 21. gxf3 Bxf3 22. Rxf3 Qg4+ 23. Rg3 Qxc4 24. Rxg7+ Kxg7 1/2-1/2

[Event "Moscow-ch"]
[Site "Moscow"]
[Date "1996.??.??"]
[Round "7"]
[White "Shaposhnikov, Evgeny"]
[Black "Utemov, Vladimir"]
[Result "1/2-1/2"]
[WhiteElo "2345"]
[BlackElo "2400"]
[PlyCount "40"]
[EventDate "1996.08.??"]
[Source "www.chesslib.no"]
[SourceDate "2004.05.04"]

1. e4 c5 2. Nf3 d6 3. d4 cxd4 4. Nxd4 Nf6 5. f3 e5 6. Bb5+ Nbd7 7. Nf5 d5 8. exd5 a6 9. Ba4 b5 10. Bb3 Nb6 11. Ne3 Bb7 12. Nc3 Bb4 13. O-O Bxc3 14. bxc3 Nfxd5 15. Nxd5 Bxd5 16. Ba3 Nc4 17. Re1 f6 18. f4 Qb6+ 19. Qd4 Qxd4+ 20. cxd4 e4 1/2-1/2

[Event "Cannes op"]
[Site "Cannes"]
[Date "1995.??.??"]
[Round "3"]
[White "Mrdja, Milan"]
[Black "Touzane, Olivier"]
[Result "1-0"]
[WhiteElo "2435"]
[BlackElo "2310"]
[PlyCount "81"]
[EventDate "1995.02.??"]
[Source "ChessBase"]

1. e4 c5 2. Nf3 d6 3. d4 cxd4 4. Nxd4 Nf6 5. f3 e5 6. Bb5+ Bd7 7. Bxd7+ Nbxd7 8. Nf5 Nb6 9. c4 g6 10. Ne3 Bh6 11. b3 O-O 12. Nc3 Nc8 13. O-O Qb6 14. Qe1 Ne7 15. Kh1 Bg7 16. Ba3 Bh6 17. Nc2 Rfd8 18. Rd1 a6 19. Rd3 Kg7 20. Qh4 Qc7 21. Rfd1 Ne8 22. Bb2 f6 23. Qf2 Rac8 24. a4 Nc6 25. Nd5 Qf7 26. Nce3 Bxe3 27. Qxe3 Rb8 28. Qb6 Rd7 29. g3 f5 30. exf5 Qxf5 31. Kg2 Kg8 32. g4 Qg5 33. Nc3 Nf6 34. h4 Qh6 35. g5 Qxh4 36. gxf6 Qxf6 37. Ne4 Qh4 38. Rxd6 Rxd6 39. Rxd6 Rf8 40. Qe3 Nb4 41. Ng3 1-0

[Event "Balatonlelle HUN"]
[Site "?"]
[Date "2006.06.24"]
[Round "8.10"]
[White "Papp Tamas"]
[Black "Papp Gabor"]
[Result "1/2-1/2"]
[WhiteElo "2263"]
[BlackElo "2482"]
[PlyCount "22"]
[EventDate "2006.??.??"]
[Source "www.chesslib.no"]
[SourceDate "2004.05.04"]

1. e4 c5 2. Nf3 d6 3. d4 cxd4 4. Nxd4 Nf6 5. f3 e5 6. Bb5+ Nbd7 7. Nf5 Qc7 8. Bg5 a6 9. Bxf6 gxf6 10. Ba4 b5 11. Bb3 Nb6 1/2-1/2

[Event "Suetin mem"]
[Site "Tula"]
[Date "2002.03.27"]
[Round "5"]
[White "Zhelnin, Vladimir V"]
[Black "Saprikin, Vladimir"]
[Result "1-0"]
[WhiteElo "2477"]
[BlackElo "2259"]
[PlyCount "55"]
[EventDate "2002.03.23"]
[Source "ChessBase"]
[SourceDate "2002.05.03"]

1. e4 c5 2. Nf3 d6 3. d4 cxd4 4. Nxd4 Nf6 5. f3 e5 6. Bb5+ Bd7 7. Bxd7+ Qxd7 8. Nf5 d5 9. Bg5 dxe4 10. Bxf6 Qxd1+ 11. Kxd1 gxf6 12. fxe4 Nc6 13. Nc3 O-O-O+ 14. Nd5 Rg8 15. g3 Rg4 16. Re1 Nb4 17. h3 Rg5 18. c4 b5 19. b3 bxc4 20. bxc4 Bc5 21. Re2 Nd3 22. Kc2 Nf2 23. Rf1 Nxh3 24. Rh2 Ng1 25. Rxh7 Ne2 26. Rxf7 Rd7 27. Rxf6 Ba3 28. Rb1 1-0

[Event "Yalta Open"]
[Site "Yalta UKR"]
[Date "1995.??.??"]
[Round "?"]
[White "Gurevich, Vladimir"]
[Black "Olenin, Nikolay"]
[Result "1-0"]
[WhiteElo "2445"]
[BlackElo "2290"]
[PlyCount "65"]
[EventDate "1995.??.??"]
[Source "www.chesslib.no"]
[SourceDate "2004.05.04"]

1. e4 c5 2. Nf3 d6 3. d4 cxd4 4. Nxd4 Nf6 5. f3 e5 6. Bb5+ Nbd7 7. Nf5 d5 8. exd5 Qa5+ 9. Nc3 Bb4 10. Nxg7+ Kf8 11. Bh6 Ng8 12. Qd2 Nxh6 13. Qxh6 Bxc3+ 14. bxc3 Qxc3+ 15. Ke2 Qxc2+ 16. Kf1 Qg6 17. Ne6+ Kg8 18. Qxg6+ hxg6 19. Nc7 Rb8 20. Re1 Kg7 21. Kf2 Kf6 22. f4 exf4 23. Ne8+ Kg5 24. Nd6 Kf6 25. Nxc8 Rbxc8 26. Bxd7 Rc2+ 27. Re2 Rxe2+ 28. Kxe2 Rd8 29. Ba4 Rxd5 30. Rc1 b5 31. Bb3 Rd7 32. Rc5 Rb7 33. Kf3 1-0

[Event "White Nights op"]
[Site "St Petersburg"]
[Date "1999.??.??"]
[Round "1"]
[White "Shaposhnikov, Evgeny"]
[Black "Drouzinina, Olga"]
[Result "1-0"]
[WhiteElo "2474"]
[BlackElo "2252"]
[PlyCount "79"]
[EventDate "1999.06.??"]
[Source "www.chesslib.no"]
[SourceDate "2004.05.04"]

1. e4 c5 2. Nf3 d6 3. d4 cxd4 4. Nxd4 Nf6 5. f3 e5 6. Bb5+ Nbd7 7. Nf5 a6 8. Bxd7+ Qxd7 9. Bg5 d5 10. Bxf6 gxf6 11. Ne3 d4 12. Nd5 Qc6 13. O-O f5 14. c4 f4 15. Qd3 Bd7 16. Nd2 Rc8 17. b4 Qg6 18. Rf2 h5 19. c5 Be6 20. Nc4 f6 21. Ncb6 Rc6 22. Kf1 Kf7 23. Rc1 Rg8 24. a4 h4 25. Ke2 h3 26. gxh3 Qh5 27. Nc4 Qxh3 28. Na5 Rg2 29. Rcf1 Bxd5 30. exd5 Rc7 31. Rxg2 Qxg2+ 32. Rf2 Qh3 33. d6 Rd7 34. Qc4+ Qe6 35. Kd3 f5 36. Re2 Bg7 37. b5 axb5 38. axb5 b6 39. c6 Rxd6 40. c7 1-0

[Event "EU Ch U20"]
[Site "Holon"]
[Date "1995.??.??"]
[Round "9"]
[White "Liiva, Riho"]
[Black "Tyomkin, Dimitri"]
[Result "1-0"]
[WhiteElo "2405"]
[BlackElo "2320"]
[PlyCount "57"]
[EventDate "1995.11.??"]
[Source "www.chesslib.no"]
[SourceDate "2004.05.04"]

1. e4 c5 2. Nf3 d6 3. d4 cxd4 4. Nxd4 Nf6 5. f3 e5 6. Bb5+ Nbd7 7. Nf5 d5 8. exd5 a6 9. Ba4 b5 10. Bb3 Nb6 11. Ne3 Bb7 12. Nc3 Bc5 13. Qd3 O-O 14. Ne4 Rc8 15. Nxc5 Rxc5 16. d6 Nbd5 17. Nxd5 Nxd5 18. Bd2 Qh4+ 19. g3 Qf6 20. O-O-O Rd8 21. Rhe1 Qxd6 22. Bb4 Qh6+ 23. f4 Rcc8 24. Rxe5 Qxh2 25. c3 h6 26. Bxd5 Bxd5 27. Rxd5 Rxd5 28. Qxd5 Qxg3 29. Qd4 1-0

[Event "UKR Ch"]
[Site "?"]
[Date "2003.11.07"]
[Round "4"]
[White "Kononenko Dmitry2"]
[Black "Borovikov Vladislav"]
[Result "0-1"]
[WhiteElo "2151"]
[BlackElo "2571"]
[PlyCount "46"]
[EventDate "2003.??.??"]
[Source "www.chesslib.no"]
[SourceDate "2004.05.04"]

1. e4 c5 2. Nf3 d6 3. d4 cxd4 4. Nxd4 Nf6 5. f3 e5 6. Bb5+ Nbd7 7. Nf5 d5 8. exd5 a6 9. Bxd7+ Bxd7 10. Ne3 Bc5 11. c4 b5 12. O-O bxc4 13. Kh1 O-O 14. Nc3 Bd4 15. Re1 Rc8 16. Qc2 Nh5 17. Ne2 f5 18. Rd1 Ba7 19. Bd2 f4 20. Nxc4 Rxc4 21. Qxc4 Bb5 22. Qe4 Bxe2 23. Qxe2 Ng3+ 0-1